Normal view
MARC view
- حايلا ، محمد تأليف
Entry Personal Name
001 - CONTROL NUMBER
- control field: 43317
003 - CONTROL NUMBER IDENTIFIER
- control field: JO-AjAnu
005 - DATE AND TIME OF LATEST TRANSACTION
- control field: 20230606081159.0
008 - FIXED-LENGTH DATA ELEMENTS
- fixed length control field: 230606|| aca||aabn | a|a d
040 ## - CATALOGING SOURCE
- Original cataloging agency: JO-AjAnu
- Transcribing agency: JO-AjAnu
100 ## - HEADING--PERSONAL NAME
- Personal name: حايلا ، محمد تأليف
670 ## - SOURCE DATA FOUND
- Source citation: Work cat.: (JO-AjAnu)22182: حايلا ، محمد تأليف, author, نسق اللغة:فرضيات التكوين وإشكالات الصيرورة(تمهيد لنظرية لغوية في علم الأصول )